Nicolas Poussin

Sparad:
Bibliografiska uppgifter
Huvudupphovsman: Roli, Renato (Författare, medförfattare)
Materialtyp: Bok
Språk:spanska
Publicerad: Buenos Aires Codex 1965
Serie:Pinacoteca de los Genios, 148
Ämnen:
Taggar: Lägg till en tagg
Inga taggar, Lägg till första taggen!

MARC

LEADER 00000nam a2200000 a 4500
001 UCK4585
003 CL-VaPUC
008 050610e19650000AG |||||||||||||||||spa|d
082 0 4 |a 759.04  |b ROL  |2 21 
100 0 |a Roli, Renato  |e author  |9 493142 
245 1 0 |a Nicolas Poussin 
300 |a Pág. Irreg 
942 |c BK 
945 |d 20050610 00:00:00  |a jcarroza 
260 |a Buenos Aires  |b Codex  |c 1965 
600 0 7 |a POUSSIN, NICOLAS  |2 CL-VaPUC  |9 319353 
650 7 |a PINTURA FRANCESA SIGLO 17  |2 CL-VaPUC  |9 338757 
650 0 |a Pintores franceses   |9 340354 
583 |a last modification  |c 20160817 01:23:50  |k Rodrigo Vera 
490 0 |a Pinacoteca de los Genios, 148 
999 |c 313412  |d 313410 
952 |0 0  |1 0  |4 0  |6 759_040000000000000_ROL_1965  |7 0  |8 A  |9 384741  |a BIBARQ  |b BIBARQ  |d 2019-11-22  |i 412698K  |o 759.04 ROL 1965  |p 412698K  |r 2025-01-20  |w 2019-11-22  |y BK  |k ARQ